Разработка способа автоматической точной синхронизации генераторов с сетью с фиксированным временем управления; Наука, технологии, инновации; Ч. 3

Detaylı Bibliyografya
Parent link:Наука, технологии, инновации: материалы всероссийской научной конференции молодых ученых (Новосибирск, 6-9 декабря 2007 г.)
Ч. 3.— 2007.— С. 186-189
Yazar: Батаршинов Т. Р.
Diğer Yazarlar: Абеуов Р. Б. Ренат Болтабаевич
Özet:В фонде НТБ ТПУ отсутствует
Dil:Rusça
Baskı/Yayın Bilgisi: Новосибирск
Konular:
Materyal Türü: Kitap Bölümü
KOHA link:https://koha.lib.tpu.ru/cgi-bin/koha/opac-detail.pl?biblionumber=596850

MARC

LEADER 00000naa0a2200000 4500
001 596850
005 20250123170949.0
035 |a (RuTPU)RU\TPU\tpu\19899 
035 |a RU\TPU\tpu\19897 
090 |a 596850 
100 |a 20110831d2007 k||y0rusy50 ca 
101 0 |a rus 
102 |a RU 
200 1 |a Разработка способа автоматической точной синхронизации генераторов с сетью с фиксированным временем управления  |f Т. Р. Батаршинов, Р. Б. Абеуов 
210 |a Новосибирск 
320 |a Библиогр.: 4 назв. 
333 |a В фонде НТБ ТПУ отсутствует 
461 |t Наука, технологии, инновации  |o материалы всероссийской научной конференции молодых ученых (Новосибирск, 6-9 декабря 2007 г.)  |o в 7 ч. 
463 |t Ч. 3  |v С. 186-189  |d 2007 
610 1 |a труды учёных ТПУ 
700 1 |a Батаршинов  |b Т. Р. 
701 1 |a Абеуов  |b Р. Б.  |c специалист в области электроэнергетики  |c доцент Томского политехнического университета, кандидат технических наук  |f 1979-  |g Ренат Болтабаевич  |3 (RuTPU)RU\TPU\pers\27227  |9 12691 
801 1 |a RU  |b 63413507  |c 20100304 
801 2 |a RU  |b 63413507  |c 20140131  |g RCR 
942 |c BK